Gestión ambiental pública: historia, estado y desafíos /

Kaydedildi:
Detaylı Bibliyografya
Yazar: Chávez, Francisco
Diğer Yazarlar: Salamanca, Lidia
Materyal Türü: Metin
Konular:
Etiketler: Etiketle
Etiket eklenmemiş, İlk siz ekleyin!

MARC

LEADER 00000 a a2200000 04500
001 5236
003
040
100 |a Chávez, Francisco  
245 |a Gestión ambiental pública:   |b historia, estado y desafíos /  |c Francisco Chávez ; Lidia Salamanca 
650 |a GESTION AMBIENTAL  
650 |a POLITICAS PUBLICAS  
650 |a MARCO INSTITUCIONAL  
650 |a PAZ  
650 |a DESARROLLO SOSTENIBLE  
650 |a EL SALVADOR  
700 |a Salamanca, Lidia  
773 |g volumen 62, número 701 -702; páginas 263-280  
999 |c 37956  |d 37956 
773 0 |0 18723  |9 2690  |a Universidad Centroamericana José Simeón Cañas (UCA)  |d San Salvador, El Salvador Universidad Centroamericana José Simeón  |o 01108  |t ECA: